000 01687nam a2200205Ia 4500
003 Ost
005 20260507075327.0
008 260507s9999||||xx |||||||||||||| ||und||
020 _a11631383977
040 _cfsecg
041 _aara
082 _a330
100 _aالخضيري، محسن احمد
_eمؤلف
245 0 _aخصخصة المصارف و البنوك :
_bمقدمة في علم إدارة التوازنات الاقتصادية /
_c محسن احمد الخضيري
260 _aالقاهرة:
_bإيتراك,
_c2009
300 _a286 صفحة؛
_bإيضاحات ؛
_c24 سم
520 _aأهمية قرار الخصخصة و تحليل نتائجها ، الحاجة الى اطار تشريعي و قضايا خصخصة البنوك ، فلسفة خصخصة البنوك و ماذا تحتاج هذه الخصخصة ، ، أسبابا و دوافع و محفزات الخصخصة في الماحل الأولى ، الثانية و الثالثة ، تخطيط و تنظيم عملية الخصخصة ، الخصخصة و الأمن القومي ، اتخاذ القرارا بخصخصة البنوك أي اظهار السلبيات و الايجابيات ، مؤكدات نجاح خصخصة البنوك ، أهم طرق الخصخصة ، مزايا الخصخصة و الى أي مدى يتم خصخصة البنوك ، من يتخد قرارا خصخصة البنوك و ماذا يفعل بحصيلة الخصخصة ، محاذير خصخصة البنوك و كيف يتم تقييم البنك و من المستفيد من الخصخصة ، عمليات إعادة الشراء
653 _aالبنوك- القطاع الخاص
942 _cكتاب
999 _c43970
_d43970